Essential manager's manual / (Record no. 3506)

000 -LEADER
fixed length control field nam a22 a 4500
003 - CONTROL NUMBER IDENTIFIER
control field AKMAL
005 - DATE AND TIME OF LATEST TRANSACTION
control field 20170523100146.0
008 - FIXED-LENGTH DATA ELEMENTS--GENERAL INFORMATION
fixed length control field 170523t2008 enka e 001 0 eng d
020 ## - INTERNATIONAL STANDARD BOOK NUMBER
International Standard Book Number 9780751304008 :
Terms of availability RM165.95
020 ## - INTERNATIONAL STANDARD BOOK NUMBER
International Standard Book Number 075130400X
082 04 - DEWEY DECIMAL CLASSIFICATION NUMBER
Classification number 658.42 HEL
Edition number 22
090 00 - LOCALLY ASSIGNED LC-TYPE CALL NUMBER (OCLC); LOCAL CALL NUMBER (RLIN)
Classification number (OCLC) (R) ; Classification number, CALL (RLIN) (NR) 658.42
Local cutter number (OCLC) ; Book number/undivided call number, CALL (RLIN) HEL
100 1# - MAIN ENTRY--PERSONAL NAME
Personal name Heller, Robert,
Dates associated with a name 1932-2012
9 (RLIN) 7012
245 10 - TITLE STATEMENT
Title Essential manager's manual /
Statement of responsibility, etc. Robert Heller & Tim Hindle
260 ## - PUBLICATION, DISTRIBUTION, ETC.
Place of publication, distribution, etc. London :
Name of publisher, distributor, etc. Dorling Kindersley,
Date of publication, distribution, etc. 2008
300 ## - PHYSICAL DESCRIPTION
Extent 864p. :
Other physical details col. ill. ;
Dimensions 21cm.
500 ## - GENERAL NOTE
General note Includes index
650 10 - SUBJECT ADDED ENTRY--TOPICAL TERM
Topical term or geographic name entry element Leadership
Form subdivision Handbooks, manuals, etc.
9 (RLIN) 7013
650 20 - SUBJECT ADDED ENTRY--TOPICAL TERM
Topical term or geographic name entry element Management
Form subdivision Handbooks, manuals, etc.
9 (RLIN) 6965
700 1# - ADDED ENTRY--PERSONAL NAME
Personal name Hindle, Tim
9 (RLIN) 7014
942 ## - ADDED ENTRY ELEMENTS (KOHA)
Source of classification or shelving scheme
Koha item type Book
Holdings
Withdrawn status Lost status Source of classification or shelving scheme Damaged status Not for loan Collection code Home library Current library Shelving location Date acquired Inventory number Total Checkouts Full call number Barcode Date last seen Price effective from Koha item type
          NON-FICTION AKMAL Melaka AKMAL Melaka PINJAMAN 23.05.2017 602002   658.42 HEL 201704514 23.05.2017 23.05.2017 Book
Pusat Sumber Maklumat Dato' Haji Sarmin Md Hussin, Akademi Kastam Diraja Malaysia, Melaka
Tel: 06-2331106 | Faks: 06-2313787